000 00508nam a22001817a 4500
005 20241011155640.0
010 _aENG-142120
020 _a9789357943215
_c295.00
035 _aEN-125652
037 _bDBAD
082 _a289.9
100 _aAllen, James
_972740
245 _aAs a man thinketh/
_cBy James Allen
260 _aNew Delhi
_bV&S Publishers
_c2020
270 _a F-2/16, Ansari Road, Daryaganj
_bN.Delhi
_e110002
300 _a53p.
_c21cm(pb)
942 _2ddc
_cEN
_h289.9
_mALL
999 _c206348
_d206348